000 00725nam a22002057a 4500
003 OSt
005 20251203161001.0
008 251203b |||||||| |||| 00| 0 eng d
020 _a9786210005219
040 _aDWCL - Main
_cOC
082 _aRes. 267 F811c 2017
100 _aFrago, Ester V. and Salvosa, Benjamin C. III
_eAuthors
245 _aCalled to discover our christian roots 8 /
_cEster V. Frago and Benjamin C. Salvosa III
250 _a3rd edition
260 _aQuezon City, Philippines:
_bSibs Publishing House, Inc.,
_cc2017
300 _axxii, 259 pages:
_billustrations;
_c25 cm.
504 _aIncludes glossary and bibliography
650 _a1. Catholic -- Religious Works.
942 _2ddc
_cBK-0 CIRC
_n0
999 _c6773
_d6773